00450nam a22001697a 4500003000700000005001700007008004100024020001800065082001900083100003900102245003400141250001700175260004000192300000800232490003500240650000500275MPLRDC20220104142914.0210129b ||||| |||| 00| 0 eng d a7-80035-141-6 a177.2 RHHD v.3 a吉格. 吉格勒著; 于剑编译 a通向事业高峰的捷径c a一版一刷 ab中国国际广播出版社c1988 b平 a如何获得成功丛书之一 a